• 首页
  • 本馆介绍
  • 公告通知
  • 最新文献
  • 馆藏检索
  • 电子资源
  • 读者导购
  • 参考咨询
  • 我的图书馆
  • 登录
  • 详细信息显示
  • 放入我的书架
  • 预约/预借图书
  • 作者相关作品
  • 分类相关作品
  • 丛书相关作品
  • 出版社相关作品

书目信息

  • 表格格式
  • 工作单格式
  • 卡片格式
题名:
下厨房·四季汤粥
    
 
作者: 何若芳 著
分册:  
出版信息: 北京   中国轻工业出版社  2019
页数: 175页
开本: 24cm
丛书名:
单 册:
中图分类: TS972.12 , TS972.122
科图分类:
主题词: 汤菜--菜谱 , 粥--食谱
电子资源:
ISBN: 978-7-5184-2478-8
000 00653nam0 2200241 450
001 2339014318
005 20230926105029.13
010    @a978-7-5184-2478-8@dCNY48.00
100    @a20190813d2019 em y0chiy50 ea
101 0  @achi
102    @aCN@b110000
105    @aa z 000yy
200 1  @a下厨房·四季汤粥@Axia chu fang · si ji tang zhou@f何若芳著
210    @a北京@c中国轻工业出版社@d2019
215    @a175页@c彩图@d24cm
300    @a私家菜
606 0  @a汤菜@x菜谱
606 0  @a粥@x食谱
690    @aTS972.12@v5
690    @aTS972.122@v5
701  0 @a何若芳@Ahe ruo fang@4著
801  0 @aCN@b安徽时代@c20230923
905    @aBZT@dTS972.12@e69
    
    下厨房·四季汤粥/何若芳著.-北京:中国轻工业出版社,2019
    175页:彩图;24cm
    私家菜
    
    ISBN 978-7-5184-2478-8:CNY48.00
    
●
相关链接 在五车中查询图书 在当当中查询图书 在豆瓣中查询图书


正题名:下厨房·四季汤粥     索取号:TS972.12/69         预约/预借

序号 登录号 条形码 馆藏地/架位号 状态 备注
1 2000928515   2000928515   第四书库/四28架A面3层3列/ [索取号:TS972.12/69] 在馆    
2 2000928516   2000928516   第四书库/四28架A面3层3列/ [索取号:TS972.12/69] 在馆    
3 2000928517   2000928517   第四书库/四28架A面3层3列/ [索取号:TS972.12/69] 在馆    
4 2000928518   2000928518   第四书库/四28架A面3层3列/ [索取号:TS972.12/69] 在馆    
5 2000928519   2000928519   第四书库/四28架A面3层3列/ [索取号:TS972.12/69] 在馆    
6 2000928520   2000928520   第四书库/四28架A面3层3列/ [索取号:TS972.12/69] 在馆    
山东省滨州职业学院图书馆 欢迎您!
大连网信软件有限公司© 版权所有